Management of Organizational Behaviour (Record no. 3470)

MARC details
000 -LEADER
fixed length control field 00414nam a22001697a 4500
005 - DATE AND TIME OF LATEST TRANSACTION
control field 20180811104954.0
008 - FIXED-LENGTH DATA ELEMENTS--GENERAL INFORMATION
fixed length control field 160622b xxu||||| |||| 00| 0 eng d
020 ## - INTERNATIONAL STANDARD BOOK NUMBER
ISBN 81-203-1349-6
041 ## - LANGUAGE CODE
Language code of text/sound track or separate title eng
082 ## - DEWEY DECIMAL CLASSIFICATION NUMBER
Item number 8875
Classification number 658.3
100 ## - MAIN ENTRY--AUTHOR NAME
Personal name HERSEY, PAUL AND OTHERS
245 ## - TITLE STATEMENT
Title Management of Organizational Behaviour
260 ## - PUBLICATION, DISTRIBUTION, ETC. (IMPRINT)
Name of publisher PHI
Place of publication DELHI
300 ## - PHYSICAL DESCRIPTION
Number of Pages 590p,
650 ## - SUBJECT ADDED ENTRY--TOPICAL TERM
Topical Term Management
942 ## - ADDED ENTRY ELEMENTS (KOHA)
Koha item type Books
Holdings
Lost status Damaged status Collection code Home library Current library Shelving location Date acquired Cost, normal purchase price Full call number Accession Number Koha item type
    MANAGEMENT JRU Library JRU Library SHELF-73-E 22/06/2016 125.00 658.3 8875 Books
    MANAGEMENT JRU Library JRU Library SHELF-30-H 22/06/2016 125.00 658.3 8876 Books